| 000 -LEADER |
| fixed length control field |
00690cam a2200217 a 4500 |
| 020 ## - INTERNATIONAL STANDARD BOOK NUMBER |
| ISBN |
0697152561 |
| 040 ## - CATALOGING SOURCE |
| Transcribing agency |
DLC |
| 082 00 - DEWEY DECIMAL CLASSIFICATION NUMBER |
| Classification number |
372 BRO 1996 A021 Or. |
| 100 1# - MAIN ENTRY--AUTHOR NAME |
| Personal name |
Miller, Dean F. |
| 245 10 - TITLE STATEMENT |
| Title |
Health education in the elementary & middle-level school / |
| 250 ## - EDITION STATEMENT |
| Edition statement |
2nd ed. |
| 260 ## - PUBLICATION, DISTRIBUTION, ETC. (IMPRINT) |
| Place of publication |
Madison, WI : |
| Name of publisher |
Brown & Benchmark Publishers, |
| Year of publication |
c1996. |
| 300 ## - PHYSICAL DESCRIPTION |
| Number of Pages |
xi, 372 p. : |
| Other physical details |
ill. ; |
| Dimensions |
26 cm. |
| 500 ## - GENERAL NOTE |
| General note |
Rev. ed. of: Health education in the elementary school. c1992. |
| 650 #0 - SUBJECT ADDED ENTRY--TOPICAL TERM |
| Topical Term |
Health education (Elementary) |
| 650 #0 - SUBJECT ADDED ENTRY--TOPICAL TERM |
| Topical Term |
Health education (Middle school) |
| 700 1# - ADDED ENTRY--PERSONAL NAME |
| Personal name |
Telljohann, Susan Kay, |
| 700 2# - ADDED ENTRY--PERSONAL NAME |
| Personal name |
Wolford Symons, Cynthia, |
| 700 1# - ADDED ENTRY--PERSONAL NAME |
| Personal name |
Miller, Dean F. |
| 942 ## - ADDED ENTRY ELEMENTS (KOHA) |
| Koha item type |
សៀវភៅភាសាអង់គ្លេស |
| 952 ## - LOCATION AND ITEM INFORMATION (KOHA) |
| Withdrawn status [LOCAL, KOHA] |
0 |